Statistics for Most Popular Sports of 2022

Click here to take the quiz!

General Stats

  • This quiz has been taken 72 times
  • The average score is 6 of 10

Answer Stats

Answer% Correct
Soccer/Football
100%
Basketball
96%
Baseball
91%
Tennis
81%
Cricket
74%
Golf
61%
Volleyball
51%
Table Tennis
41%
Badminton
32%
Field Hockey
12%

Score Distribution

Percentile by Number Answered

Percent of People with Each Score

Your Score History

You have not taken this quiz